MARC details
| 000 -CABECERA |
| campo de control de longitud fija |
03065nam a2200277 a 4500 |
| 003 - IDENTIFICADOR DEL NÚMERO DE CONTROL |
| campo de control |
MX-MxUPN |
| 005 - FECHA Y HORA DE LA ÚLTIMA TRANSACCIÓN |
| campo de control |
20240621063659.0 |
| 008 - ELEMENTOS DE LONGITUD FIJA--INFORMACIÓN GENERAL |
| campo de control de longitud fija |
200212t2016 mx d rb 000 0 spa d |
| 020 ## - NÚMERO INTERNACIONAL NORMALIZADO PARA LIBROS |
| Número Internacional Estándar del Libro |
9786070281129 |
| 035 ## - NÚMERO DE CONTROL DEL SISTEMA |
| Número de control de sistema |
UPN01000235549 |
| 040 ## - FUENTE DE LA CATALOGACIÓN |
| Centro catalogador/agencia de origen |
MX-MxUPN |
| Lengua de catalogación |
spa |
| Centro/agencia transcriptor |
MX-MxUPN |
| 041 0# - CÓDIGO DE IDIOMA |
| Código de lengua del texto/banda sonora o título independiente |
spa |
| 050 14 - SIGNATURA TOPOGRÁFICA DE LA BIBLIOTECA DEL CONGRESO |
| Número de clasificación |
JV7406 |
| Número de documento/Ítem |
N8.4 |
| 245 00 - MENCIÓN DE TÍTULO |
| Título |
Nuevas experiencias de la migración de retorno / |
| Mención de responsabilidad, etc. |
coords. Elaine Levine Leiter, Silvia Núñez García, Mónica Verea Campos. |
| 250 ## - MENCIÓN DE EDICIÓN |
| Mención de edición |
Primera edición. |
| 260 ## - PUBLICACIÓN, DISTRIBUCIÓN, ETC. |
| Lugar de publicación, distribución, etc. |
Ciudad de México : |
| Nombre del editor, distribuidor, etc. |
UNAM, Centro de Investigaciones sobre América del Norte : |
| -- |
Instituto Matías Romero, |
| Fecha de publicación, distribución, etc. |
©2016. |
| 300 ## - DESCRIPCIÓN FÍSICA |
| Extensión |
314 páginas : |
| Otras características físicas |
cuadros, gráficas |
| 504 ## - NOTA DE BIBLIOGRAFÍA, ETC. |
| Nota de bibliografía, etc. |
Incluye referencias bibliográficas. |
| 505 0# - NOTA DE CONTENIDO CON FORMATO PREESTABLECIDO |
| Título |
Introducción. Las múltiples facetas del retorno / |
| Mención de responsabilidad |
Elaine Levine, Silvia Núñez, Mónica Verea -- |
| Título |
Comunidades Seguras (S-Comm): un balance sobre la política pública migratoria y el fenómeno de la deportación en la primera administración de Barack Obama (2008-2012) / |
| Mención de responsabilidad |
Paola Virginia Suárez Ávila -- |
| Título |
¿Y ahora, adónde vamos? Los retos que enfrentan las familias de migrantes transnacionales entre Estados Unidos y México / |
| Mención de responsabilidad |
Victoria Kline -- |
| Título |
Deportación femenina y separación familiar: experiencias de mexicanas deportadas a Tijuana / |
| Mención de responsabilidad |
Diana Carolina Peláez y María Dolores París -- |
| Título |
Perfil socioeconómico y de inserción laboral de los migrantes mexicanos de retorno. Análisis comparativo entre 2005-2007 y 2008-2012 / |
| Mención de responsabilidad |
Juan Luis Ordaz Díaz y Juan José Li Ng -- |
| Título |
Niveles educativos de la migración de retorno, remesas y su impacto en el desarrollo socioeconómico de México / |
| Mención de responsabilidad |
Jorge Eduardo Mendoza -- |
| Título |
La salud como motivo de retorno de migrantes a México / |
| Mención de responsabilidad |
Luz Angélica de la Sierra de la Vega ... [et.al] -- |
| Título |
El retorno de migrantes mexicanos, con acento en Michoacán / |
| Mención de responsabilidad |
Miguel Moctezuma L., Diana Tamara Martínez -- |
| Título |
Migración de retorno en la Sierra Norte de Puebla a raíz de la crisis económica estadunidense / |
| Mención de responsabilidad |
María Eugenia D'Aubeterre y María Leticia Rivermar -- |
| Título |
Matices de prejuicio. Recepción en México de familias con origen nacional mixto / |
| Mención de responsabilidad |
Dulce Medina -- |
| Título |
Transnacionalismo y migración de retorno en una comunidad zapoteca / |
| Mención de responsabilidad |
Adriana Cruz-Manjarrez -- |
| Título |
La comunidad y los procesos de resocialización de jóvenes migrantes retornados / |
| Mención de responsabilidad |
Telmo Jiménez Díaz -- |
| Título |
La migración de retorno y el transnacionalismo: la evidencia en la migración altamente calificada / |
| Mención de responsabilidad |
Wei Li, Claudia Sadowski-Smith y Wan Yu -- |
| Título |
Magnitud de la migración de retorno efectiva de latinoamericanos desde España, 2002-2011 / |
| Mención de responsabilidad |
José Alfredo Jáuregui Díaz y María de Jesús Ávila Sánchez -- |
| Título |
Los nipoperuanos en Japón: entre el reconocimiento legal de la ancestralidad y la exclusión / |
| Mención de responsabilidad |
Dahil Mariana Melgar Tísoc. |
| 650 #4 - ASIENTO SECUNDARIO DE MATERIA - TERMINO TEMATICO |
| Término de materia o nombre geográfico como elemento de entrada |
Migración de retorno |
| Subdivisión geográfica |
México |
| 9 (RLIN) |
45785 |
| 651 #4 - ASIENTO SECUNDARIO DE MATERIA - NOMBRE GEOGRAFICO |
| Nombre geográfico |
México |
| Subdivisión general |
Emigración e inmigración |
| 9 (RLIN) |
7931 |
| 651 #4 - ASIENTO SECUNDARIO DE MATERIA - NOMBRE GEOGRAFICO |
| Nombre geográfico |
Estados Unidos |
| Subdivisión general |
Emigración e inmigración |
| 9 (RLIN) |
15551 |
| 700 1# - ASIENTO SECUNDARIO--NOMBRE DE PERSONAL |
| Nombre de persona |
Levine, Elaine |
| Término indicativo de función/relación |
coord. |
| 9 (RLIN) |
43643 |
| 905 ## - TIPO DE MATERIAL |
| Tipo de material |
Libro |